zpět

Detail výsledku týmu

Hasičárna Novesta, Zlín

Datum a čas kvízu

33.5 Celkem bodů Celkový počet nahraných bodů na tomto kvízu bez doplňovacích otázek.
9. Pořadí na kvízu Konečné umístění týmu na tomto kvízu.

Zaznamenané odpovědi

# Otázka Odpověď Body Výsledky
1. V úterý byli do pražské zoo př... (lední) medvědi 1
2. Buckinghamský palác odhalil v... D) motýl 1
3. Minulý týden začal režisér Tom... Tři princezny 0
4. V ženevské pobočce aukční síně... Michael Schumacher 1
5. Dvacetiletý atlet Tomáš Habart... D) na 3 000 m překážek 1
6. Jména Mnata, Vojen či Vnislav... A 1
7. Podle pověsti prý zvony z kost... ve čtvrtek (na Zelený čtvrtek) 1
8. Před kněžnou Libuší stanuli dv... A 1
9. O hřbitovním kostele sv. Maří... Svatební košile 0
10. Pokud dokážete určit, co tento... Stadice 0